| 000 | 00423nam a2200169Ia 4500 | ||
|---|---|---|---|
| 008 | 230524s9999 xx 000 0 und d | ||
| 082 |
_a621.382 _bTHE |
||
| 100 | _aB.L.Theraja | ||
| 245 | 0 | _aPrinciples of Electronic Devices and Circuits | |
| 250 | _a1ST | ||
| 260 |
_aNEW DELHI _bS.Chand _c2005 |
||
| 300 | _aVIII;592 | ||
| 500 | _aQuantity Number: 5 | ||
| 650 | _aElectronics | ||
| 700 | _a R.S.Sedha | ||
| 942 | _cBK | ||
| 999 |
_c20956 _d20956 |
||